[Event "19th EUR-ch"]
[Site "Batumi GEO"]
[Date "2018.03.17"]
[Round "1.84"]
[White "Svane, Rasmus"]
[Black "Nuber, Blasius"]
[Result "1-0"]
[WhiteElo "2587"]
[BlackElo "2284"]
[EventDate "2018.03.17"]
[PlyCount "113"]

1.d4 d5 2.c4 c6 3.Nf3 Nf6 4.Nbd2 g6 5.b3 Bg7 6.Bb2 O-O 7.e3 Bg4 8.Be2 Nbd7
9.O-O Re8 10.h3 Bxf3 11.Nxf3 Ne4 12.cxd5 cxd5 13.Rc1 Rc8 14.Rxc8 Qxc8 15.
Bd3 Nd6 16.Qd2 Qd8 17.Rc1 Qb6 18.Ba3 Rc8 19.Rxc8+ Nxc8 20.Qc3 Qc6 21.Qxc6 
bxc6 22.Ba6 Nd6 23.Bb4 Kf8 24.Ne1 Ke8 25.Nc2 Kd8 26.Ba5+ Nb6 27.Nb4 Kc7 
28.Nd3 Bf6 29.g4 Nb7 30.Bb4 Nd7 31.f4 e6 32.Kf2 Nb8 33.Bxb7 Kxb7 34.Bd6 
Nd7 35.Kf3 Bg7 36.g5 h5 37.h4 Nb6 38.Ke2 Nc8 39.Bc5 Kc7 40.Kd2 a6 41.Ne5 
Bxe5 42.fxe5 Nb6 43.Bxb6+ Kxb6 44.Kc3 Kb5 45.a3 Ka5 46.a4 Kb6 47.Kb4 a5+ 
48.Kc3 c5 49.Kd3 cxd4 50.exd4 Kc6 51.Kc3 Kb6 52.b4 Ka6 53.bxa5 Kxa5 54.Kb3
Ka6 55.Kb4 Kb6 56.a5+ Kc6 57.Ka4 1-0

[Event "19th EUR-ch"]
[Site "Batumi GEO"]
[Date "2018.03.17"]
[Round "1.85"]
[White "Sargissian, Sargis"]
[Black "Martirosian, Haik"]
[Result "0-1"]
[WhiteElo "2284"]
[BlackElo "2586"]
[EventDate "2018.03.17"]
[PlyCount "141"]

1.e4 e5 2.Nf3 Nc6 3.Bb5 a6 4.Ba4 Nf6 5.O-O Be7 6.Bxc6 dxc6 7.d3 Nd7 8.Nbd2
c5 9.Nc4 Bd6 10.Bg5 f6 11.Be3 O-O 12.Nfd2 Be7 13.Nb3 b6 14.f4 exf4 15.Bxf4
Nb8 16.Qe1 Nc6 17.Qg3 Ra7 18.Ne3 a5 19.a4 Be6 20.Nf5 g6 21.Nxe7+ Qxe7 22.
Nc1 Nd4 23.c3 Nc6 24.Ne2 Rf7 25.Rf2 Ra8 26.Raf1 Rd8 27.Nc1 Rd7 28.h3 Qf8 
29.Be3 Qg7 30.Rd2 Ne5 31.b3 c4 32.bxc4 c5 33.Rfd1 g5 34.d4 Nxc4 35.d5 Bxh3
36.gxh3 Nxd2 37.Rxd2 Qg6 38.Qg4 h5 39.Qf5 Qxf5 40.exf5 Rfe7 41.Kf2 Re4 42.
Kf3 Rxa4 43.Ne2 h4 44.d6 Rc4 45.Rd5 Kf7 46.Bc1 Ra4 47.Rd3 Ra2 48.Bd2 Rc2 
49.Ke4 a4 50.Kd5 a3 51.Nc1 a2 52.Nxa2 Rxa2 53.Kc6 Ke8 54.c4 Ra8 55.Re3+ 
Kd8 56.Re6 Rc8+ 57.Kxb6 Rf7 58.Bc3 Kd7 59.Bxf6 Rcf8 60.Bxg5 Rb8+ 61.Ka7 
Rb3 62.Re7+ Rxe7 63.dxe7 Rxh3 64.f6 Ke8 65.Kb7 Rb3+ 66.Kc6 h3 67.Bf4 Rf3 
68.f7+ Kxe7 69.Bd6+ Kxf7 70.Kxc5 Ke6 71.Kd4 0-1

[Event "19th EUR-ch"]
[Site "Batumi GEO"]
[Date "2018.03.17"]
[Round "1.86"]
[White "Pashikian, Arman"]
[Black "Ahmadzada, Ahmad"]
[Result "1-0"]
[WhiteElo "2585"]
[BlackElo "2283"]
[EventDate "2018.03.17"]
[PlyCount "103"]

1.d4 Nf6 2.Nf3 c5 3.d5 e6 4.Nc3 exd5 5.Nxd5 Nxd5 6.Qxd5 Nc6 7.e4 d6 8.Ng5 
Qc7 9.Bc4 Ne5 10.Bb5+ Bd7 11.Bxd7+ Qxd7 12.Bf4 Qc6 13.O-O-O Qxd5 14.Rxd5 
Be7 15.Rhd1 O-O-O 16.Bxe5 Bxg5+ 17.f4 Bh6 18.Rxd6 Rxd6 19.Bxd6 Re8 20.g3 
Rxe4 21.Bxc5 b6 22.Bf2 g6 23.Kd2 Bg7 24.b3 Kc7 25.Be3 f5 26.Ke2 Re6 27.h3 
h5 28.c4 a6 29.Kf3 Bf8 30.Rd5 Be7 31.Bd4 Re1 32.Be3 Rf1+ 33.Kg2 Ra1 34.Rd2
Bb4 35.Rc2 Rd1 36.Kf3 Kc6 37.g4 Rh1 38.Kg2 Re1 39.Bf2 Rd1 40.gxh5 gxh5 41.
Re2 Rd2 42.Rxd2 Bxd2 43.Kg3 b5 44.Kh4 bxc4 45.bxc4 Bxf4 46.Kxh5 Bd2 47.Ba7
Bc1 48.Bd4 Bd2 49.Kg6 f4 50.Kf5 a5 51.Ke4 a4 52.h4 1-0

[Event "19th EUR-ch"]
[Site "Batumi GEO"]
[Date "2018.03.17"]
[Round "1.87"]
[White "Paramzina, Anastasya"]
[Black "Lopez Martinez, Josep Manuel"]
[Result "0-1"]
[WhiteElo "2281"]
[BlackElo "2584"]
[EventDate "2018.03.17"]
[PlyCount "74"]

1.e4 c5 2.Nf3 e6 3.b3 b6 4.Bb2 Bb7 5.Bd3 Nf6 6.Qe2 Be7 7.O-O Nc6 8.c3 d5 
9.e5 Nd7 10.Bc2 Rc8 11.a3 Qc7 12.Re1 g5 13.d4 cxd4 14.Bd3 Nc5 15.cxd4 Nxb3
16.Ra2 h5 17.Nbd2 Nba5 18.Nf1 Qd8 19.N3d2 Kd7 20.Ba6 Kc7 21.Bc3 Kb8 22.
Bxb7 Kxb7 23.Rb1 Ka8 24.Ne3 g4 25.Nc2 Qd7 26.Nb4 Nb8 27.Qd3 Qa4 28.f3 Rc7 
29.Rf1 Rhc8 30.Nb1 Nc4 31.fxg4 hxg4 32.Rxf7 a5 33.Ra1 Kb7 34.Nc2 Nxe5 35.
dxe5 Bc5+ 36.Bd4 Rxf7 37.Bxc5 Rxc5 0-1

[Event "19th EUR-ch"]
[Site "Batumi GEO"]
[Date "2018.03.17"]
[Round "1.88"]
[White "Vavulin, Maksim"]
[Black "Hakobyan, Hovhannes H."]
[Result "1-0"]
[WhiteElo "2583"]
[BlackElo "2280"]
[EventDate "2018.03.17"]
[PlyCount "53"]

1.e4 e6 2.d4 d5 3.Nc3 Nf6 4.Bg5 dxe4 5.Nxe4 Be7 6.Bxf6 gxf6 7.Qd3 f5 8.Nc3
a6 9.g3 Qd6 10.O-O-O Nd7 11.Bg2 Rb8 12.d5 Nc5 13.Qe3 e5 14.Nf3 e4 15.Nd4 
O-O 16.f3 exf3 17.Qxf3 Bg5+ 18.Kb1 f4 19.Nce2 fxg3 20.Nxg3 Qf4 21.Qc3 Na4 
22.Qb3 Bd7 23.Rhf1 Qe3 24.Ne4 c5 25.Nf6+ Kh8 26.Nxd7 cxd4 27.Qxa4 1-0

[Event "19th EUR-ch"]
[Site "Batumi GEO"]
[Date "2018.03.17"]
[Round "1.89"]
[White "Tifferet, Shaked"]
[Black "Paichadze, Luka"]
[Result "1/2-1/2"]
[WhiteElo "2274"]
[BlackElo "2581"]
[EventDate "2018.03.17"]
[PlyCount "149"]

1.e4 c6 2.Nc3 d5 3.Nf3 Nf6 4.e5 Ne4 5.Ne2 Qb6 6.d4 e6 7.Ng3 c5 8.c3 Nc6 9.
Bd3 cxd4 10.Nxe4 dxe4 11.Bxe4 dxc3 12.bxc3 Qc5 13.O-O Nxe5 14.Be3 Qc7 15.
Nxe5 Qxe5 16.Bxb7 Bxb7 17.Qa4+ Kd8 18.Rad1+ Bd5 19.Bf4 Qf5 20.Rfe1 f6 21.
c4 Bc5 22.cxd5 e5 23.Be3 Bxe3 24.Rxe3 Qd7 25.Qa5+ Qc7 26.Qa3 Rc8 27.Rb3 a5
28.d6 Qc5 29.Qxc5 Rxc5 30.Rb7 Kc8 31.Rxg7 Rd8 32.g4 Rd7 33.Rg8+ Kb7 34.Rf8
Rc4 35.h3 Rf4 36.Kg2 Kc6 37.Rc8+ Kb7 38.Rc5 Kb6 39.Rc3 Rd4 40.Rb1+ Ka7 41.
Rc7+ Rxc7 42.dxc7 Rc4 43.g5 fxg5 44.Rb5 a4 45.Rb4 Rxc7 46.Rxa4+ Kb6 47.Re4
Rc5 48.Kg3 h5 49.Re2 Kc6 50.Rd2 Rc3+ 51.Kg2 Ra3 52.Kh2 Kc5 53.Kg2 Ra4 54.
Kh2 Rd4 55.Re2 Kd5 56.Kg2 Ra4 57.Re3 Ke6 58.Rg3 Kf5 59.Rf3+ Kg6 60.a3 e4 
61.Rb3 Kf5 62.Kg3 h4+ 63.Kg2 Kf4 64.Rc3 Rd4 65.Rc8 Ra4 66.Rc3 Ra8 67.Rb3 
Rd8 68.Rb7 Rd2 69.Rf7+ Ke5 70.Re7+ Kf5 71.Re8 Ra2 72.Rf8+ Ke5 73.Rg8 Kf6 
74.Re8 Rxa3 75.Rxe4 1/2-1/2

[Event "19th EUR-ch"]
[Site "Batumi GEO"]
[Date "2018.03.17"]
[Round "1.90"]
[White "Esipenko, Andrey"]
[Black "Mikadze, Miranda"]
[Result "1-0"]
[WhiteElo "2581"]
[BlackElo "2268"]
[EventDate "2018.03.17"]
[PlyCount "69"]

1.d4 d5 2.c4 c6 3.Nf3 Nf6 4.Nc3 dxc4 5.a4 e6 6.e3 c5 7.Bxc4 Nc6 8.O-O cxd4
9.exd4 Be7 10.Qe2 O-O 11.Be3 b6 12.Rad1 Nd5 13.Bc1 Ncb4 14.Ne5 Bb7 15.f4 
g6 16.Ne4 Rc8 17.b3 f6 18.Nf3 Kg7 19.Bd2 Rc6 20.Ne1 h6 21.Nf2 Qc8 22.f5 
gxf5 23.Ned3 Bd6 24.Nxb4 Nxb4 25.Qh5 Rh8 26.Ng4 fxg4 27.Rxf6 Kxf6 28.Rf1+ 
Ke7 29.Rf7+ Kd8 30.Bg5+ Be7 31.Bxe7+ Ke8 32.Rg7+ Kd7 33.Bd6+ Kd8 34.Qh4+ 
Ke8 35.Qe7# 1-0

[Event "19th EUR-ch"]
[Site "Batumi GEO"]
[Date "2018.03.17"]
[Round "1.91"]
[White "Manafov, Vugar"]
[Black "Postny, Evgeny"]
[Result "0-1"]
[WhiteElo "2263"]
[BlackElo "2579"]
[EventDate "2018.03.17"]
[PlyCount "78"]

1.Nf3 d5 2.d4 Nf6 3.c4 dxc4 4.e3 e6 5.Bxc4 a6 6.O-O b5 7.Bd3 Bb7 8.Qe2 Be7
9.Rd1 Nbd7 10.e4 c5 11.d5 exd5 12.e5 Ne4 13.e6 fxe6 14.Bxe4 dxe4 15.Ne5 
Bd5 16.Qh5+ g6 17.Nxg6 Nf6 18.Qh3 Rg8 19.Nf4 Qd6 20.Nc3 Qe5 21.Be3 Kf7 22.
Nce2 Rad8 23.b4 cxb4 24.Bb6 Rd7 25.Rac1 Bc4 26.Rxd7 Nxd7 27.Bd4 Qf5 28.Qh6
e5 29.Ng3 Qxf4 30.Qxh7+ Rg7 31.Qh5+ Kg8 32.Be3 Qf7 33.Qd1 Qd5 34.Nf5 Qxd1+
35.Rxd1 Nf6 36.Nxg7 Kxg7 37.Rd2 Nd5 38.Ba7 a5 39.Bb8 Kf6 0-1

[Event "19th EUR-ch"]
[Site "Batumi GEO"]
[Date "2018.03.17"]
[Round "1.92"]
[White "Sarana, Alexey"]
[Black "Olcum, Ahmet"]
[Result "1-0"]
[WhiteElo "2577"]
[BlackElo "2257"]
[EventDate "2018.03.17"]
[PlyCount "65"]

1.e4 d6 2.d4 g6 3.c4 Bg7 4.Nc3 Nc6 5.Be3 e5 6.d5 Nce7 7.c5 f5 8.Bb5+ Bd7 
9.cxd6 cxd6 10.Qa4 Nf6 11.f3 O-O 12.Bxd7 Nxd7 13.Nge2 fxe4 14.Nxe4 Nf5 15.
Bf2 Bh6 16.Qa3 Nb6 17.O-O Kh8 18.Qd3 Rc8 19.b3 Qc7 20.a4 Qc2 21.Rad1 Qxd3 
22.Rxd3 Rc2 23.Re1 Rb2 24.g4 Ne7 25.g5 Bg7 26.Bxb6 axb6 27.Nxd6 Nf5 28.
Nxf5 gxf5 29.Ng3 e4 30.fxe4 fxe4 31.Nxe4 Be5 32.h3 Rc8 33.d6 1-0

[Event "19th EUR-ch"]
[Site "Batumi GEO"]
[Date "2018.03.17"]
[Round "1.93"]
[White "Garayev, Kanan"]
[Black "Deac, Bogdan-Daniel"]
[Result "0-1"]
[WhiteElo "2252"]
[BlackElo "2572"]
[EventDate "2018.03.17"]
[PlyCount "70"]

1.d4 Nf6 2.c4 e6 3.Nc3 Bb4 4.Nf3 b6 5.Bg5 h6 6.Bh4 g5 7.Bg3 Ne4 8.Qc2 Bb7 
9.Nd2 Nxg3 10.hxg3 Bf8 11.O-O-O Bg7 12.d5 Qe7 13.e4 Na6 14.a3 O-O-O 15.Be2
Kb8 16.f4 d6 17.Bf3 Nc5 18.Nb3 Nxb3+ 19.Qxb3 Rhg8 20.Rhe1 g4 21.Be2 h5 22.
Bf1 h4 23.gxh4 Qxh4 24.Kb1 Rge8 25.Nb5 g3 26.Qf3 Bh6 27.f5 exf5 28.exf5 
Bg7 29.Nc3 Bc8 30.Ne4 Re5 31.Nxg3 Rxe1 32.Rxe1 Be5 33.Re3 Qd4 34.Rc3 Bxg3 
35.Qxg3 Qd1+ 0-1

[Event "19th EUR-ch"]
[Site "Batumi GEO"]
[Date "2018.03.17"]
[Round "1.94"]
[White "Petrosian, Manuel"]
[Black "Tsvetkov, Andrey"]
[Result "1-0"]
[WhiteElo "2569"]
[BlackElo "2252"]
[EventDate "2018.03.17"]
[PlyCount "139"]

1.d4 d5 2.c4 c6 3.Nc3 Nf6 4.e3 e6 5.b3 Bb4 6.Bb2 Ne4 7.Qc2 Nxc3 8.Bxc3 Qa5
9.Ne2 dxc4 10.bxc4 e5 11.a3 Bxc3+ 12.Qxc3 Qxc3+ 13.Nxc3 exd4 14.exd4 Bf5 
15.O-O-O Nd7 16.Bd3 Bxd3 17.Rhe1+ Kd8 18.Rxd3 Re8 19.Rxe8+ Kxe8 20.Ne4 Kf8
21.Nd6 b6 22.g4 Rd8 23.g5 f6 24.f4 fxg5 25.fxg5 Nf6 26.c5 Nd7 27.cxb6 Nxb6
28.Nf5 c5 29.Rh3 g6 30.dxc5 Rc8 31.Nd6 Rxc5+ 32.Kb2 Rxg5 33.Rxh7 Rd5 34.
Ne4 Rd7 35.Rxd7 Nxd7 36.Kc3 Ke7 37.Kd4 Ke6 38.a4 Kf5 39.a5 Kg4 40.Nf2+ Kf3
41.Nd3 g5 42.Kd5 Kg2 43.Kc6 Nb6 44.Kb7 Kxh2 45.Kxa7 Nc4 46.a6 Nd6 47.Nf2 
Kg3 48.Kb8 Nb5 49.Ne4+ Kf4 50.Nc3 Nxc3 51.a7 Ne4 52.a8=Q g4 53.Qa2 Kf3 54.
Qb3+ Kf4 55.Qf7+ Ke3 56.Qf1 g3 57.Kc7 Nf2 58.Qg2 Kf4 59.Kd6 Ng4 60.Qf1+ 
Nf2 61.Qe2 Ng4 62.Ke6 Ne3 63.Kf6 Ng4+ 64.Kg6 Ne5+ 65.Kh5 Nf3 66.Qg2 Ne5 
67.Qd2+ Ke4 68.Qb4+ Kf3 69.Qa3+ Kf4 70.Kh4 1-0

[Event "19th EUR-ch"]
[Site "Batumi GEO"]
[Date "2018.03.17"]
[Round "1.95"]
[White "Aleksanian, Hrant"]
[Black "Stocek, Jiri"]
[Result "0-1"]
[WhiteElo "2250"]
[BlackElo "2567"]
[EventDate "2018.03.17"]
[PlyCount "110"]

1.d4 Nf6 2.c4 e6 3.g3 c5 4.Nf3 a6 5.Bg2 b5 6.b3 Bb7 7.O-O bxc4 8.bxc4 cxd4
9.Nxd4 Bxg2 10.Kxg2 Qc7 11.Qa4 Bd6 12.Ba3 O-O 13.Nd2 Rc8 14.N4b3 Bxa3 15.
Qxa3 Nc6 16.Rac1 a5 17.Nf3 Rab8 18.Rfd1 h6 19.c5 Rb5 20.Rc4 Rcb8 21.Nfd4 
Rb4 22.Rxb4 axb4 23.Qa6 Nxd4 24.Rxd4 Nd5 25.e4 Nf6 26.f3 Rb7 27.Qa8+ Kh7 
28.Qf8 Ra7 29.Rd2 Ra6 30.Qxf7 Qa7 31.Kh3 e5 32.Qe7 Rxa2 33.Qxe5 Qa6 34.
Rxa2 Qxa2 35.Nd4 Qc4 36.Kg2 b3 37.Qf5+ Kg8 38.Nxb3 Qxb3 39.g4 Qb5 40.h4 
Qc6 41.g5 hxg5 42.hxg5 Ne8 43.Qe5 Nc7 44.Qe7 Ne6 45.Qe8+ Nf8 46.Qe7 Qe6 
47.Qd8 Qe5 48.Qc8 Qxg5+ 49.Kf2 Kf7 50.Qc7 Qd2+ 51.Kg3 Ne6 52.Qa7 Qe1+ 53.
Kh3 Qh1+ 54.Kg3 Qg1+ 55.Kh3 Nf4+ 0-1

[Event "19th EUR-ch"]
[Site "Batumi GEO"]
[Date "2018.03.17"]
[Round "1.96"]
[White "Wagner, Dennis"]
[Black "Abdulla, Khayala"]
[Result "1-0"]
[WhiteElo "2566"]
[BlackElo "2248"]
[EventDate "2018.03.17"]
[PlyCount "81"]

1.Nf3 Nf6 2.c4 c5 3.Nc3 e6 4.g3 b6 5.Bg2 Bb7 6.O-O Be7 7.d4 cxd4 8.Qxd4 d6
9.Rd1 a6 10.Be3 Nbd7 11.Qd2 Qc7 12.Bf4 O-O 13.Bxd6 Bxd6 14.Qxd6 Qxc4 15.
Ne5 Nxe5 16.Bxb7 Rab8 17.Bxa6 Nf3+ 18.exf3 Qxa6 19.Rd4 Qa8 20.Kg2 Rfd8 21.
Qe5 Rxd4 22.Qxd4 Qc6 23.Rd1 h6 24.Qd6 Qb7 25.Rd4 Rc8 26.a4 Rc5 27.Rb4 Rf5 
28.Qd8+ Kh7 29.Qd3 g6 30.Rb5 Nd7 31.Rxf5 gxf5 32.Qd6 Kg6 33.b4 Nf6 34.a5 
bxa5 35.bxa5 Qb2 36.Qc6 Qa3 37.a6 Kg7 38.Nb5 Qa2 39.a7 Nd5 40.a8=Q Ne3+ 
41.Kh3 1-0

[Event "19th EUR-ch"]
[Site "Batumi GEO"]
[Date "2018.03.17"]
[Round "1.98"]
[White "Chigaev, Maksim"]
[Black "Oglaza, Oskar"]
[Result "1-0"]
[WhiteElo "2560"]
[BlackElo "2240"]
[EventDate "2018.03.17"]
[PlyCount "86"]

1.e4 c5 2.Nf3 Nc6 3.Bb5 g6 4.Bxc6 bxc6 5.O-O Bg7 6.Re1 Nh6 7.c3 O-O 8.d4 
d5 9.exd5 cxd5 10.dxc5 Re8 11.Bf4 f6 12.c4 g5 13.Bg3 dxc4 14.Na3 e5 15.
Nxc4 Nf7 16.Qc2 Qd5 17.b4 Ba6 18.Ne3 Qd3 19.Qxd3 Bxd3 20.h4 f5 21.Bh2 f4 
22.Rad1 Rad8 23.Nf1 h6 24.hxg5 hxg5 25.Nxg5 Nxg5 26.Bxf4 Nf7 27.Bd2 e4 28.
Ne3 Ne5 29.Nf5 Bc2 30.Nd6 Bxd1 31.Nxe8 Rxd2 32.Nxg7 Kxg7 33.Rxe4 Kf6 34.a3
Ba4 35.f3 Rd3 36.Rf4+ Ke6 37.Rh4 Rxf3 38.Rh6+ Rf6 39.Rxf6+ Kxf6 40.Kf2 Bc6
41.Ke3 Nc4+ 42.Kd4 Nxa3 43.g4 Nb5+ 1-0

[Event "19th EUR-ch"]
[Site "Batumi GEO"]
[Date "2018.03.17"]
[Round "1.99"]
[White "Yuksel, Atilla Koksal"]
[Black "Fedorov, Alexei"]
[Result "1/2-1/2"]
[WhiteElo "2237"]
[BlackElo "2559"]
[EventDate "2018.03.17"]
[PlyCount "111"]

1.e4 c5 2.Nc3 a6 3.a4 e6 4.Bc4 Nf6 5.e5 d5 6.exf6 dxc4 7.fxg7 Bxg7 8.Qg4 
Bd4 9.Ne4 f5 10.Qh5+ Kd7 11.Ng5 Nc6 12.N1f3 h6 13.Nh3 Kc7 14.O-O Bd7 15.
Nf4 Qg8 16.d3 c3 17.bxc3 Bxc3 18.Ra3 Bb4 19.Ra1 e5 20.Ne2 Re8 21.Bb2 Rh7 
22.Ng3 f4 23.Nf5 Qf7 24.Qxf7 Rxf7 25.N5h4 e4 26.dxe4 Rxe4 27.c3 Ba5 28.
Rfe1 Rfe7 29.Ng6 Re8 30.Rxe4 Rxe4 31.Nd2 Re2 32.Rd1 Nd4 33.Nxf4 Bxa4 34.
cxd4 Bxd1 35.Nxe2 Bxd2 36.Nc3 Bc2 37.dxc5 Kc6 38.f3 Kxc5 39.Ne4+ Bxe4 40.
fxe4 b5 41.Kf2 Kc4 42.Ke2 Bg5 43.Bg7 a5 44.h4 Bxh4 45.Bxh6 Bf6 46.g4 Bb2 
47.Kd2 Be5 48.g5 Bf4+ 49.Kc2 a4 50.e5 Kd5 51.Kc3 Bxe5+ 52.Kb4 Bd6+ 53.Kxb5
a3 54.g6 Ke6 55.Bc1 a2 56.Bb2 1/2-1/2

[Event "19th EUR-ch"]
[Site "Batumi GEO"]
[Date "2018.03.17"]
[Round "1.100"]
[White "Moroni, Luca jr"]
[Black "Kubicka, Anna"]
[Result "1-0"]
[WhiteElo "2559"]
[BlackElo "2235"]
[EventDate "2018.03.17"]
[PlyCount "57"]

1.d4 d6 2.Nf3 Nf6 3.c4 g6 4.g3 Bg7 5.Bg2 O-O 6.O-O c5 7.Nc3 Nc6 8.d5 Na5 
9.Qd3 e6 10.e4 exd5 11.cxd5 a6 12.Bf4 Nh5 13.Bg5 f6 14.Bd2 f5 15.Ng5 c4 
16.Qc2 f4 17.Ne6 Bxe6 18.dxe6 Nc6 19.Nd5 Nd4 20.Qxc4 b5 21.Qd3 Nxe6 22.
Rad1 Nc5 23.Qa3 fxg3 24.hxg3 Ra7 25.Nf4 Nf6 26.Be3 Qc7 27.e5 Nfd7 28.exd6 
Qc8 29.b4 1-0

[Event "19th EUR-ch"]
[Site "Batumi GEO"]
[Date "2018.03.17"]
[Round "1.102"]
[White "Moiseenko, Vadim"]
[Black "Mkrtchian, Sargis"]
[Result "1/2-1/2"]
[WhiteElo "2552"]
[BlackElo "2224"]
[EventDate "2018.03.17"]
[PlyCount "66"]

1.b3 d5 2.Bb2 Bg4 3.Nf3 Bxf3 4.exf3 e6 5.g3 Nf6 6.Bg2 Nbd7 7.O-O Be7 8.f4 
O-O 9.Re1 c6 10.d3 a5 11.a3 Re8 12.Nd2 b5 13.Nf3 Qb6 14.Qd2 a4 15.Bh3 b4 
16.f5 e5 17.bxa4 e4 18.dxe4 Nxe4 19.Qd4 Qxd4 20.Nxd4 bxa3 21.Bxa3 Bf6 22.
c3 Nxc3 23.Nxc6 Ne2+ 24.Kf1 Bxa1 25.Ne7+ Kh8 26.Rxe2 Nf6 27.Ra2 Rxa4 28.
Nxd5 Nxd5 29.Rxa1 Rea8 30.Bg2 Rxa3 31.Rxa3 Rxa3 32.Bxd5 Kg8 33.h4 Kf8 
1/2-1/2

[Event "19th EUR-ch"]
[Site "Batumi GEO"]
[Date "2018.03.17"]
[Round "1.104"]
[White "Savchenko, Boris"]
[Black "Stukan, Martin"]
[Result "1-0"]
[WhiteElo "2550"]
[BlackElo "2210"]
[EventDate "2018.03.17"]
[PlyCount "103"]

1.Nf3 Nf6 2.c4 g6 3.d4 Bg7 4.Nc3 d5 5.Qb3 dxc4 6.Qxc4 O-O 7.e4 Na6 8.Be2 
c5 9.d5 e6 10.O-O exd5 11.exd5 b6 12.Qh4 Nc7 13.Bg5 Qd6 14.Bf4 Qd8 15.Rad1
Bb7 16.Bg5 Qd6 17.Bc4 Nfxd5 18.Nxd5 Nxd5 19.Rd2 f6 20.Bf4 Qe6 21.Re1 Qf7 
22.Bd6 Rfe8 23.Red1 g5 24.Qg4 Rad8 25.Bxd5 Bxd5 26.Rxd5 h5 27.Qf5 g4 28.
Nh4 Re5 29.Rxe5 fxe5 30.h3 Qf6 31.Qxf6 Bxf6 32.Nf5 gxh3 33.Re1 hxg2 34.
Bxe5 Bxe5 35.Rxe5 Rd2 36.Re7 a6 37.b3 Rxa2 38.Kxg2 Ra3 39.Re3 a5 40.Nd6 a4
41.bxa4 Rxa4 42.Re5 Rg4+ 43.Kf3 Rg6 44.Ne4 Rh6 45.Rxh5 Rxh5 46.Nf6+ Kf7 
47.Nxh5 b5 48.Ke4 b4 49.Nf4 b3 50.Nd5 Ke6 51.f4 c4 52.Nc3 1-0

[Event "19th EUR-ch"]
[Site "Batumi GEO"]
[Date "2018.03.17"]
[Round "1.105"]
[White "Sahin, Ozgun"]
[Black "Huschenbeth, Niclas"]
[Result "0-1"]
[WhiteElo "2201"]
[BlackElo "2549"]
[EventDate "2018.03.17"]
[PlyCount "80"]

1.e4 c5 2.c3 Nf6 3.e5 Nd5 4.d4 cxd4 5.Nf3 Nc6 6.Bc4 Nb6 7.Bb3 d5 8.exd6 
Qxd6 9.O-O Be6 10.Na3 dxc3 11.Nb5 Qxd1 12.Rxd1 Rc8 13.Bxe6 fxe6 14.bxc3 
Nc4 15.Re1 e5 16.Na3 Nxa3 17.Bxa3 e6 18.Bxf8 Rxf8 19.Nxe5 Nxe5 20.Rxe5 Rc6
21.Rae1 Ke7 22.a4 Kd7 23.Rb5 Kc8 24.Rbe5 Rf4 25.a5 Rf5 26.g4 Rxe5 27.Rxe5 
Kd7 28.Rb5 Kc7 29.Re5 Kd6 30.Rb5 Kc7 31.Re5 Rc4 32.h3 Kd6 33.Rb5 Kc6 34.
Re5 Kd6 35.Rb5 Kc7 36.Re5 Kd7 37.Rb5 Kc6 38.Re5 Rc5 39.Rxe6+ Kd7 40.Re4 
Rxa5 0-1

[Event "19th EUR-ch"]
[Site "Batumi GEO"]
[Date "2018.03.17"]
[Round "1.106"]
[White "Santos Latasa, Jaime"]
[Black "Sargsian, Anna M."]
[Result "1-0"]
[WhiteElo "2549"]
[BlackElo "2188"]
[EventDate "2018.03.17"]
[PlyCount "121"]

1.c4 c6 2.Nf3 d5 3.e3 Nf6 4.Nc3 e6 5.b3 Bd6 6.Bb2 Nbd7 7.Qc2 Qe7 8.Be2 O-O
9.O-O Rd8 10.Rad1 Nf8 11.d4 b6 12.Rfe1 Bb7 13.Bd3 dxc4 14.bxc4 c5 15.Ne4 
Nxe4 16.Bxe4 cxd4 17.exd4 Rac8 18.Qb3 Bxe4 19.Rxe4 Nd7 20.Re2 Rc7 21.d5 
Nc5 22.Qc2 Rcd7 23.Rde1 h6 24.Bd4 Qf8 25.Bxc5 Bxc5 26.dxe6 fxe6 27.Qe4 Rd6
28.Qh4 Re8 29.Qg4 e5 30.h3 Rde6 31.Qe4 Qf6 32.Rd1 R6e7 33.Rd5 Qf4 34.Kf1 
Qc1+ 35.Re1 Qb2 36.Rd2 Qb4 37.Rde2 Bd6 38.Rd1 Re6 39.Qd5 Kh8 40.Re4 Qb2 
41.Re2 Qb4 42.Rde1 Kh7 43.h4 Qa5 44.Qe4+ Kg8 45.Rd1 Qc3 46.Rc2 Qb4 47.Rcd2
Bc5 48.Kg1 Qc3 49.Rd8 Qb2 50.R1d2 Qc1+ 51.Kh2 Qf1 52.Rxe8+ Rxe8 53.Qg6 Kf8
54.Qf5+ Kg8 55.Nxe5 Kh8 56.Qg6 Rb8 57.Rd7 Bf8 58.Nf7+ Kg8 59.Nxh6+ Kh8 60.
Nf7+ Kg8 61.Ng5 1-0

[Event "19th EUR-ch"]
[Site "Batumi GEO"]
[Date "2018.03.17"]
[Round "1.107"]
[White "Nikolaidis, Konstantinos"]
[Black "Palac, Mladen"]
[Result "0-1"]
[WhiteElo "2184"]
[BlackElo "2546"]
[EventDate "2018.03.17"]
[PlyCount "60"]

1.e4 c5 2.Nf3 d6 3.Bb5+ Nd7 4.d4 cxd4 5.Qxd4 a6 6.Bxd7+ Bxd7 7.c4 Nf6 8.
Bg5 e6 9.Nc3 Bc6 10.O-O h6 11.Bh4 Be7 12.Rfd1 O-O 13.Bg3 Qa5 14.Rab1 Rfd8 
15.b4 Qh5 16.a4 Rac8 17.b5 Be8 18.Rbc1 Qc5 19.Qxc5 Rxc5 20.Nd2 Nh5 21.Ne2 
Nxg3 22.hxg3 axb5 23.axb5 d5 24.cxd5 Rxc1 25.Rxc1 Bxb5 26.Nc3 Ba6 27.Nb3 
Rc8 28.Na2 Rxc1+ 29.Naxc1 exd5 30.exd5 Bc4 0-1

[Event "19th EUR-ch"]
[Site "Batumi GEO"]
[Date "2018.03.17"]
[Round "1.108"]
[White "Shevchenko, Kirill"]
[Black "Burnett, Andrew"]
[Result "1-0"]
[WhiteElo "2545"]
[BlackElo "2183"]
[EventDate "2018.03.17"]
[PlyCount "59"]

1.e4 c5 2.Nf3 d6 3.d4 cxd4 4.Nxd4 Nf6 5.Nc3 g6 6.Be3 Bg7 7.f3 Nc6 8.Qd2 
O-O 9.O-O-O Nxd4 10.Bxd4 Be6 11.Kb1 Qc7 12.g4 Rfc8 13.h4 Qa5 14.a3 Rab8 
15.h5 b5 16.h6 Bh8 17.g5 b4 18.Nb5 Rxb5 19.Bxb5 Qxb5 20.gxf6 bxa3 21.Qd3 
Bc4 22.Qxa3 e5 23.Bc3 Bxf6 24.Rxd6 Bg5 25.Rhd1 Qe8 26.Qa5 Be2 27.R1d5 Bxf3
28.Rxe5 Qf8 29.Bb4 Bd8 30.Qb5 1-0

[Event "19th EUR-ch"]
[Site "Batumi GEO"]
[Date "2018.03.17"]
[Round "1.109"]
[White "Abdullayev, Elshad"]
[Black "Sanal, Vahap"]
[Result "1/2-1/2"]
[WhiteElo "2168"]
[BlackElo "2543"]
[EventDate "2018.03.17"]
[PlyCount "93"]

1.d4 Nf6 2.Nf3 e6 3.c4 b6 4.Nc3 Bb7 5.Qc2 Bb4 6.e3 Ne4 7.Bd3 f5 8.a3 Bxc3+
9.bxc3 d6 10.Nd2 Nxd2 11.Bxd2 Qg5 12.O-O-O Qe7 13.e4 fxe4 14.Bxe4 Bxe4 15.
Qxe4 d5 16.cxd5 Qxa3+ 17.Kb1 Qb3+ 18.Kc1 Qxd5 19.Qxd5 exd5 20.Rde1+ Kf7 
21.Re5 Rd8 22.Rhe1 Nc6 23.Rf5+ Kg8 24.Re6 Na5 25.Re7 Rf8 26.Rxd5 Rxf2 27.
Be1 Rxg2 28.Rxc7 h6 29.Re5 Nb3+ 30.Kd1 a5 31.d5 Nc5 32.Bg3 Rf8 33.d6 Nd3 
34.Re2 Rxe2 35.Kxe2 Nc5 36.d7 Ne6 37.Rc8 Kf7 38.Bc7 a4 39.Kd2 b5 40.Rxf8+ 
Kxf8 41.d8=Q+ Nxd8 42.Bxd8 Kf7 43.Kd3 Kg6 44.h4 Kf5 45.Be7 g5 46.hxg5 hxg5
47.c4 1/2-1/2

[Event "19th EUR-ch"]
[Site "Batumi GEO"]
[Date "2018.03.17"]
[Round "1.110"]
[White "Boruchovsky, Avital"]
[Black "Utiatskaja, Irina"]
[Result "1-0"]
[WhiteElo "2542"]
[BlackElo "2165"]
[EventDate "2018.03.17"]
[PlyCount "46"]

1.Nf3 Nf6 2.d4 g6 3.Nbd2 d5 4.b4 Bg7 5.e3 O-O 6.Be2 a5 7.b5 c5 8.bxc6 bxc6
9.Ba3 Ba6 10.c4 Re8 11.O-O Nfd7 12.Rc1 e6 13.Qc2 Nb6 14.Rfe1 Bf8 15.Bxf8 
Rxf8 16.e4 dxe4 17.Nxe4 N8d7 18.Ne5 Qc7 19.Qc3 f6 20.Nf3 c5 21.Bf1 Kg7 22.
dxc5 Nxc5 23.Nd4 Bc8 1-0

[Event "19th EUR-ch"]
[Site "Batumi GEO"]
[Date "2018.03.17"]
[Round "1.111"]
[White "Eynullayev, Altay"]
[Black "Nevednichy, Vladislav"]
[Result "0-1"]
[WhiteElo "2163"]
[BlackElo "2542"]
[EventDate "2018.03.17"]
[PlyCount "120"]

1.d4 Nf6 2.c4 d6 3.Nc3 e5 4.dxe5 dxe5 5.Qxd8+ Kxd8 6.Nf3 Nfd7 7.Bd2 c6 8.
O-O-O f6 9.Ne4 Na6 10.Bc3 Kc7 11.e3 b6 12.b3 Nac5 13.Ng3 a5 14.Be2 Rg8 15.
h4 Na6 16.Bd3 Rh8 17.h5 a4 18.Kb2 Bb4 19.Bxb4 Nxb4 20.Bb1 axb3 21.axb3 Nc5
22.Kc3 Na2+ 23.Kb2 Nb4 24.Kc3 Ra3 25.Nd2 Nba6 26.Kb2 Ra5 27.Nf5 Nb4 28.Kc3
Nbd3 29.Bxd3 Nxd3 30.Kxd3 Bxf5+ 31.e4 Be6 32.Ra1 Rha8 33.Rxa5 Rxa5 34.Kc3 
Ra2 35.f3 b5 36.Rd1 Kb6 37.g4 Kc5 38.cxb5 cxb5 39.Rc1 Kb6 40.Rd1 Kc5 41.
Rc1 Ra7 42.Rg1 Bf7 43.Rc1 Kb6 44.b4 Ra3+ 45.Kb2 Ra4 46.Kc3 Be6 47.Rg1 Ra3+
48.Kb2 Rd3 49.Kc2 Re3 50.Ra1 Kb7 51.Kb2 Bc4 52.Ra3 Rxa3 53.Kxa3 Be2 54.Kb2
Kc6 55.Kc2 Kd6 56.Kc3 Ke7 57.Kc2 Kf7 58.Kc1 g6 59.Kc2 gxh5 60.gxh5 Kg7 0-1

[Event "19th EUR-ch"]
[Site "Batumi GEO"]
[Date "2018.03.17"]
[Round "1.112"]
[White "Stupak, Kirill"]
[Black "Smolin, Sergey"]
[Result "1-0"]
[WhiteElo "2541"]
[BlackElo "2153"]
[EventDate "2018.03.17"]
[PlyCount "83"]

1.d4 g6 2.g3 Bg7 3.Bg2 c5 4.d5 d6 5.c4 b5 6.cxb5 a6 7.bxa6 Bxa6 8.Nf3 Nf6 
9.O-O O-O 10.Nc3 Qa5 11.Qc2 Nbd7 12.Rd1 Rfb8 13.Rb1 Ng4 14.Bd2 Nge5 15.
Nxe5 Nxe5 16.Be1 Bc8 17.h3 Nd7 18.Bf1 Ba6 19.a4 Rc8 20.b3 Rab8 21.Nb5 Qb6 
22.e4 Ne5 23.Kg2 Rf8 24.Bc3 Bc8 25.Qb2 f6 26.f4 Nf7 27.b4 Ra8 28.a5 Qd8 
29.bxc5 dxc5 30.Qf2 Qd7 31.Kh2 Nd6 32.Nxd6 exd6 33.Rb6 Re8 34.Re1 Qe7 35.
Bg2 Ra6 36.Qb2 Rxb6 37.Qxb6 Qd7 38.a6 Qa4 39.a7 f5 40.Ra1 Qc2 41.Bxg7 Kxg7
42.a8=Q 1-0